000 00472nam a2200181Ia 4500
001 4563
005 20260306145805.0
008 260306t2000||||xx |||||||||||||| ||spa||
041 _aESP
082 _a324.985
_bCH535 T. 3
100 _aChávez Molina, Juan
_eAUT
245 0 _aMis votos singulares:
_bhistoria del fraude que nunca se debe repetir
260 _c2000
300 _a647 páginas :
_c24 cm.
650 _aGEN
654 _aCDE
942 _cLIB
_dJUS
_fJUS
_2ddc
_n
999 _c4563
_d4563